|
|
|
|
| LEADER |
00000nam a2200000 a 4500 |
| 001 |
vtls001283630 |
| 003 |
SK-MaSNL |
| 005 |
20260301055631.0 |
| 008 |
240226s1996 xo r 0 0 cze |
| 015 |
|
|
|a SNBA1997/0702086
|
| 020 |
|
|
|a 8006007144
|
| 035 |
|
|
|a SNK000235095
|
| 035 |
|
|
|a urn:nbn:sk:snk-amyhx2
|
| 035 |
|
|
|a urn:nbn:sk:snk-am00cjto
|
| 035 |
|
|
|a DD0CE87A-1E47-4E60-8B39-6C51C1A91FB5
|
| 040 |
|
|
|a SNK
|b slo
|c SNK
|e AACR2
|
| 041 |
1 |
|
|a cze
|h ger
|
| 044 |
|
|
|a xo
|c SK
|
| 080 |
|
|
|a 641.5(083.12)=850
|2 1981
|
| 240 |
1 |
0 |
|a Die 100 besten Rezepte aus aller Welt Kochen
|l Česky
|
| 245 |
0 |
|
|a Vaření
|b 100 nejlepších receptů z celého světa
|c vybral Christian Teubner ; [preklad Thea Větrovská]
|
| 260 |
|
|
|a Bratislava
|b Mladé letá
|c c1996
|
| 300 |
|
|
|a 215 s.
|b fotogr.
|c 28 cm
|
| 500 |
|
|
|a Rozlož. fotogr. na tit. strane
|
| 500 |
|
|
|a Údaj o prekl. prevzatý z tiráže
|
| 500 |
|
|
|a Fotogr. Christian Teubner, Odette Teubnerová, Dorotee Gödertová, Ulrich Haas
|
| 504 |
|
|
|a Reg.
|
| 650 |
0 |
7 |
|a jedlá
|x príprava
|2 SNKPH
|9 369568
|
| 650 |
0 |
7 |
|a kuchárske knihy
|2 SNKPH
|9 63303
|
| 655 |
|
7 |
|a príručky
|2 SNKPH
|9 74364
|
| 700 |
1 |
|
|a Teubner, Christian
|4 adp
|9 40996
|
| 700 |
1 |
|
|a Větrovská, Thea
|4 trl
|9 47597
|
| 700 |
1 |
|
|a Teubner, Christian
|4 pht
|9 40996
|
| 700 |
1 |
|
|a Teubner, Odette
|4 pht
|9 47348
|
| 700 |
1 |
|
|a Gödert, Dorotee
|4 pht
|9 43920
|
| 700 |
1 |
|
|a Haas, Ulrich
|4 pht
|9 44061
|
| 919 |
|
|
|a 80-06-00714-4
|
| 958 |
|
|
|a TL
|
| 958 |
|
|
|a OP
|
| 958 |
|
|
|a NS
|
| 958 |
|
|
|a CZ
|
| 958 |
|
|
|a DE
|
| 968 |
|
|
|a Čes
|b DT
|
| 999 |
|
|
|c 613813
|d 615743
|
| 952 |
|
|
|t P60, <09>, [BOOK], {629}
|a SNK
|b SNK
|y NEVYP
|7 0
|o snkB 467
|i snk1687/970421
|0 0
|1 0
|4 0
|d 1997-04-18
|l 0
|r 2005-01-02 00:00:00
|w 2026-02-23
|
| 952 |
|
|
|t P60, <03>, [BOOK], {603}
|a SNK
|b SNK
|y PREZ
|7 0
|p 17A0060062
|o snkSB 56816
|i snkKSP 3927/97
|0 0
|1 0
|4 0
|d 1997-04-18
|f 1
|l 0
|r 2025-04-02 00:00:00
|w 2026-02-23
|
| 952 |
|
|
|t P60, <04>, [BOOK], {604}
|a SNK
|b SNK
|y VYP
|7 0
|p 17A0060063
|o snkSB 56816 D1
|i snkKSP 3928/97
|0 0
|1 0
|4 0
|d 1997-04-18
|l 0
|r 2005-01-02 00:00:00
|w 2026-02-23
|